[Event "Let's Play Chess!"]
[Site "http://www.queenalice.com/game.php?id=689210"]
[Date "2009.11.26"]
[Round "-"]
[White "Motanel05"]
[Black "gandolfo1341"]
[Result "0-1"]
[WhiteElo "1707"]
[BlackElo "1678"]

1. d4 Nf6 2. f3 d5 3. h4 Nh5 4. e3 Ng3 5. Rh2 Qd6 6. f4 Nxf1 7. Kxf1 h5 8. g3
Bg4 9. Qd3 g6 10. Qb3 Qa6+ 11. Ne2 e6 12. a3 Nd7 13. Nc3 c6 14. Ke1 Nb6 15. a4
Nc4 16. Ng1 Nd6 17. Qa2 Nf5 18. Rg2 Be7 19. Bd2 Nxh4 20. Rf2 Nf5 21. Nce2 h4 22.
Rh2 O-O-O 23. Qb3 Nxg3 24. Qd3 Qxd3 25. cxd3 Bf5 26. Nc1 g5 27. Nce2 Bxd3 28.
Nc1 Be4 29. b4 g4 30. Nce2 Nxe2 31. Kxe2 g3 32. Rh3 Bf5 33. Rh1 Bg4+ 34. Kf1 h3
35. Nxh3 Rxh3 36. Rg1 Bf3 37. Be1 Bh4 38. Ra2 Rg8 39. b5 g2+ 40. Rgxg2 Rh1+ 41.
Rg1 Rgxg1# 0-1

[Event "Challenge"]
[Site "http://www.queenalice.com/game.php?id=690162"]
[Date "2009.11.28"]
[Round "-"]
[White "Motanel05"]
[Black "leoreis"]
[Result "0-1"]
[WhiteElo "1725"]
[BlackElo "1714"]

1. d4 d5 2. Bf4 Bf5 3. e3 Nc6 4. a3 Nf6 5. Bb5 a6 6. Bxc6+ bxc6 7. h4 e6 8. Bg5
h6 9. Bxf6 Qxf6 10. Nd2 Bd6 11. g4 Bh7 12. Nb3 O-O 13. Qe2 Rfb8 14. Nf3 Qe7 15.
g5 h5 16. Rg1 Bg6 17. Nfd2 c5 18. f4 c4 19. Nc5 Bxc5 20. dxc5 Qxc5 21. b4 Qe7
22. c3 a5 23. Kf2 a4 24. Nf3 Qe8 25. Ne5 Kh7 26. Nxg6 fxg6 27. Qf3 Qe7 28. Rgb1
Qd6 29. Ra2 Rb6 30. Rd2 Rf8 31. Kg2 Rb5 32. Qd1 Ra8 33. Rbb2 Qb6 34. Qg1 Qc6 35.
Kf1 Qb6 36. Rd1 c5 37. Rc1 cxb4 38. cxb4 Rf8 39. Kg2 Qc6 40. Kh2 Qc7 41. Rf1 Rf5
42. Rc2 e5 43. Rc3 exf4 44. Kh3 Qe5 45. Rfc1 f3 46. Qg3 Qxg3+ 47. Kxg3 Rb8 48.
Rf1 Rbf8 49. Rf2 R8f7 50. Rcc2 Kg8 51. Rc3 Kf8 52. Rc1 Ke7 53. Rd1 Ke6 54. Re1
Ke5 55. Rd1 Ke4 56. Rdf1 Kxe3 57. Re1+ Kd4 58. Rd1+ Kc3 59. Rdd2 Kb3 60. Ra2 c3
61. Kh3 d4 62. Ra1 c2 63. Kg3 d3 64. b5 Kc3 65. b6 d2 66. b7 Rxb7 67. Rxf3+
Rxf3+ 68. Kxf3 Rb1 0-1

[Event "Challenge"]
[Site "http://www.queenalice.com/game.php?id=691004"]
[Date "2009.11.30"]
[Round "-"]
[White "solo"]
[Black "Motanel05"]
[Result "1-0"]
[WhiteElo "1720"]
[BlackElo "1742"]

1. e4 e5 2. Qh5 Qf6 3. Nc3 Bd6 4. Nd5 Qd8 5. Bc4 g6 6. Qf3 f6 7. a3 c6 8. Nc3 b5
9. Ba2 Nh6 10. d3 a5 11. Bxh6 Na6 12. Bg5 fxg5 13. Qf7# 1-0

[Event "Challenge"]
[Site "http://www.queenalice.com/game.php?id=701828"]
[Date "2009.12.22"]
[Round "-"]
[White "thedead"]
[Black "Motanel05"]
[Result "0-1"]
[WhiteElo "1266"]
[BlackElo "1707"]

1. d4 d5 2. e3 Bf5 3. Nf3 Bg4 4. Be2 Bxf3 5. Bxf3 e6 6. Be2 c6 7. O-O Nd7 8. c4
g6 9. Nc3 f5 10. Bd2 h5 11. Re1 Qe7 12. Qc2 g5 13. f3 g4 14. e4 Qf6 15. exd5
Qxd4+ 16. Kh1 cxd5 17. cxd5 e5 18. Rad1 Qc5 19. Qxf5 a6 20. fxg4 Ne7 21. Qd3 Qd6
22. gxh5 Ng8 23. Bg4 O-O-O 24. a3 Nf6 25. Rc1 Kb8 26. Qg3 Nxg4 27. Qxg4 Be7 28.
Qe2 Bf6 29. Ne4 Qf8 30. Bg5 Qe7 31. Bxf6 Nxf6 32. Nxf6 Qxf6 33. Qxe5+ Qxe5 34.
Rxe5 Rh7 35. g4 Rh6 36. h3 b6 37. Re6 Rxe6 38. dxe6 Re8 39. Re1 Kc7 0-1

[Event "Challenge"]
[Site "http://www.queenalice.com/game.php?id=707910"]
[Date "2010.1.3"]
[Round "-"]
[White "galo4kid"]
[Black "Motanel05"]
[Result "1-0"]
[WhiteElo "1709"]
[BlackElo "1695"]

1. e4 e5 2. d4 Bd6 3. d5 Bc5 4. Nd2 Qf6 5. Ngf3 d6 6. a3 a5 7. a4 Bg4 8. Be2
Bxf3 9. Bxf3 g6 10. Nb3 Bb6 11. h4 h5 12. c4 Bc5 13. Nxc5 dxc5 14. Bg5 Qg7 15.
Qd2 f6 16. Be3 b6 17. O-O-O Na6 18. g4 Qf7 19. Be2 Rd8 20. f4 Qd7 21. g5 Qg7 22.
Rdg1 Rd6 23. gxf6 Rxf6 24. f5 Ne7 25. Bg5 Rd6 26. f6 Rxf6 27. Bxf6 Qxf6 28. Rg5
Kd7 29. Rf1 Qg7 30. Bd1 Nc8 31. Rf3 Nd6 32. Qf2 Kc8 33. Rf6 Nxe4 34. Rf7 Qh6 35.
Qe3 Nd6 36. Rf6 Rg8 37. Bxh5 Nf5 38. Qxe5 Nxh4 39. Bg4+ Kb8 40. Rxb6+ Ka7 41.
Rc6 Qh7 42. Qe6 Re8 43. Rxa6+ Kb7 44. Qc6+ Kb8 45. Qa8# 1-0

[Event "Challenge"]
[Site "http://www.queenalice.com/game.php?id=715579"]
[Date "2010.1.17"]
[Round "-"]
[White "Motanel05"]
[Black "leoreis"]
[Result "0-1"]
[WhiteElo "1709"]
[BlackElo "1767"]

1. d4 d5 2. Bf4 Bf5 3. f3 Nc6 4. a3 Nf6 5. e3 e6 6. h4 Bd6 7. Bg5 h6 8. Bxf6
Qxf6 9. Bb5 O-O 10. Bxc6 bxc6 11. f4 Be4 12. Rh2 Qf5 13. Nd2 Bxc2 14. Qe2 Bd3
15. Qf2 Rfb8 16. Ndf3 Rb3 17. Ne5 Bxe5 18. dxe5 Rab8 19. g4 Qxg4 20. Rg2 Qf5 21.
Qg3 g6 22. Qh2 c5 23. h5 g5 24. Nh3 Be4 25. Re2 d4 26. fxg5 Rxe3 27. Qf4 Qxh3
28. Rxe3 Qh1+ 29. Qf1 Qxf1+ 30. Kxf1 dxe3 31. Re1 Rxb2 32. Rxe3 Bd5 33. gxh6 Kh7
34. Rg3 Kxh6 35. Rg7 Kxg7 0-1

[Event "Challenge"]
[Site "http://www.queenalice.com/game.php?id=718668"]
[Date "2010.1.23"]
[Round "-"]
[White "augustoluizheck"]
[Black "Motanel05"]
[Result "1-0"]
[WhiteElo "1100"]
[BlackElo "1680"]

1. e4 e5 2. Nf3 d6 3. Nc3 Bg4 4. h3 Bxf3 5. Qxf3 c6 6. Be2 Nf6 7. O-O Nbd7 8. b3
Qe7 9. Bb2 g6 10. Rad1 Nh5 11. g3 O-O-O 12. d4 Bg7 13. Qe3 Nhf6 14. d5 c5 15.
Nb5 Rdg8 16. Nxa7+ Kb8 17. Nb5 h5 18. Qc3 Qd8 19. Nxd6 Rf8 20. Ba3 Qb6 21. Nc4
Qa7 22. Nxe5 Nxe5 23. Qxe5+ Ka8 24. d6 Qxa3 25. d7 Qa5 26. Rd6 Rd8 27. Rfd1 Rhg8
28. Qe7 Rgf8 29. e5 Ne4 30. R6d3 Qc7 31. Bf3 Qxe5 32. Qxe5 Bxe5 33. Bxe4 f5 34.
Bg2 Ka7 35. Rd5 Bd4 36. b4 b6 37. a4 Rf7 38. c3 Bxc3 39. bxc5 bxc5 40. Rxc5 Bb4
41. Rc7+ Ka6 42. Rd5 Rf6 43. Rc8 Ba5 44. Ra8+ Kb6 45. Raxa5 Rf7 46. Rdc5 Rdxd7
47. Rab5+ Ka7 48. Ra5+ Kb6 49. Bf1 Ra7 50. Rab5+ Ka6 51. Rc6# 1-0

[Event "Challenge"]
[Site "http://www.queenalice.com/game.php?id=738539"]
[Date "2010.2.27"]
[Round "-"]
[White "Motanel05"]
[Black "Garuzinho"]
[Result "1-0"]
[WhiteElo "1643"]
[BlackElo "1562"]

1. d4 d5 2. Bf4 Nc6 3. e3 h6 4. Bb5 Nf6 5. h3 Bf5 6. g4 Be4 7. f3 Bh7 8. a3 e6
9. Nd2 Bd6 10. b4 O-O 11. Bxc6 bxc6 12. h4 Bxf4 13. exf4 Re8 14. h5 Qd6 15. Nh3
a5 16. c3 Bd3 17. Nb3 Bc4 18. Nxa5 Nd7 19. Nxc4 dxc4 20. Ra2 Nb6 21. Qd2 Na4 22.
g5 hxg5 23. Nxg5 f5 24. h6 gxh6 25. Rxh6 Re7 26. Qh2 Rd8 27. Rh8+ Kg7 28. Qh7+
Kf6 29. Qh6# 1-0

[Event "AUTO-OPEN-1895"]
[Site "http://www.queenalice.com/game.php?id=738894"]
[Date "2010.2.28"]
[Round "1"]
[White "arniecoruja"]
[Black "Motanel05"]
[Result "1-0"]
[WhiteElo "1824"]
[BlackElo "1667"]

1. d3 d5 2. Nf3 f6 3. h3 e5 4. g3 h5 5. Bg2 c6 6. e3 g5 7. c3 Na6 8. d4 e4 9.
Nfd2 f5 10. c4 Be6 11. c5 b6 12. cxb6 Qxb6 13. a3 Nf6 14. f3 c5 15. Nb3 c4 16.
N3d2 g4 17. hxg4 fxg4 18. fxe4 Qa5 19. b4 Nxb4 20. O-O Nc6 21. Bb2 Bh6 22. Rxf6
Nd8 23. Qe2 Rb8 24. Bc3 Qa4 25. exd5 Bd7 26. Qxc4 Bxe3+ 27. Kh2 Bxd2 28. Nxd2
Rc8 29. Re1+ Ne6 30. Qxa4 Bxa4 31. Rexe6+ Kd8 32. Ba5+ Kd7 33. Rf7# 1-0

[Event "AUTO-OPEN-1895"]
[Site "http://www.queenalice.com/game.php?id=738895"]
[Date "2010.2.28"]
[Round "1"]
[White "Motanel05"]
[Black "arniecoruja"]
[Result "0-1"]
[WhiteElo "1657"]
[BlackElo "1814"]

1. d4 d5 2. Bf4 e6 3. h4 Bd6 4. e3 Ne7 5. a3 Bxf4 6. exf4 Qd6 7. g3 Nbc6 8. Bb5
a6 9. Bxc6+ Nxc6 10. c3 Na5 11. b4 Nc4 12. Nf3 Bd7 13. Nbd2 b6 14. Nxc4 dxc4 15.
a4 Bc6 16. Rg1 Bxf3 17. Qxf3 O-O 18. Kd2 c5 19. bxc5 bxc5 20. Kc2 cxd4 21. cxd4
Qxd4 22. Rgd1 Qb6 23. Rdb1 Qc5 24. Rb7 Rab8 25. Rab1 Qf5+ 26. Kc1 Rbc8 27. g4
Qa5 28. R1b4 c3 29. Qe4 Qd5 30. Qe2 Qh1+ 31. Kc2 Qxh4 32. f5 exf5 33. gxf5 Qh6
34. Rd7 Qg5 35. Rd5 Rfd8 36. Rbd4 Re8 37. Qd1 h5 38. Qf1 Qf6 39. Qh3 Re2+ 40.
Kc1 Qg5+ 41. Kb1 Rb2+ 42. Ka1 Qc1# 0-1

[Event "AUTO-OPEN-1895"]
[Site "http://www.queenalice.com/game.php?id=738916"]
[Date "2010.2.28"]
[Round "1"]
[White "ALIGATOR"]
[Black "Motanel05"]
[Result "1-0"]
[WhiteElo "1951"]
[BlackElo "1647"]

1. e4 e5 2. Nf3 d6 3. Bc4 h6 4. d4 Bg4 5. dxe5 Bxf3 6. Qxf3 Qd7 7. exd6 Bxd6 8.
Nc3 Bb4 9. Bd2 Bxc3 10. Bxc3 Rh7 11. Rd1 Qe7 12. O-O c6 13. Bxf7+ Qxf7 14. Rd8+
Ke7 15. Bb4+ Ke6 16. Rd6+ Ke7 17. Rf6+ Ke8 18. Rxf7 Nf6 19. Rxb7 a5 20. Bxa5
Nfd7 21. Qh5+ Ke7 22. Bb4+ Kd8 23. Rd1 Kc8 24. Rbxd7 Nxd7 25. Qf5 g6 26. Qxg6
Rh8 27. Qxc6+ Kb8 28. Rxd7 Ra7 29. Bd6+ Rc7 30. Qxc7+ Ka8 31. Qb7# 1-0

[Event "AUTO-OPEN-1895"]
[Site "http://www.queenalice.com/game.php?id=738917"]
[Date "2010.2.28"]
[Round "1"]
[White "Motanel05"]
[Black "ALIGATOR"]
[Result "0-1"]
[WhiteElo "1656"]
[BlackElo "1959"]

1. d4 d5 2. Bf4 Bf5 3. f3 Nc6 4. a3 e6 5. e3 Bd6 6. Bb5 Ne7 7. g4 Bg6 8. h4 h5
9. g5 a6 10. Bxc6+ bxc6 11. Nd2 Bxf4 12. exf4 Nf5 13. Rh2 Ne3 14. Qc1 Nxc2+ 15.
Kd1 Nxa1 16. Qxa1 Qd6 17. b4 Qxf4 18. Rg2 Qxh4 19. Qb2 O-O 20. Nb3 Qf4 21. Qf2
Qf5 22. Ne2 Qd3+ 23. Nd2 Qxa3 24. Nf4 Qa1+ 25. Ke2 Rab8 26. Rg1 Qa3 27. Nxg6
fxg6 28. Rb1 Rxb4 29. Rd1 Rb2 30. Qe3 Qd6 31. Ke1 Rf5 32. Ra1 Kf7 33. Rxa6 e5
34. Qc3 Rb6 35. Ra1 Rxg5 36. Kf2 exd4 37. Qxd4 Qg3+ 38. Ke2 Qh2+ 39. Kd3 Re5 40.
Ra7 Qe2+ 41. Kc2 Re7 42. Qf4+ Kg8 43. Qg5 Qe6 44. Qg3 Qf5+ 45. Kd1 Rb1+ 46. Nxb1
Qxb1+ 47. Kd2 Qb2+ 48. Kd3 Qb3+ 49. Kd2 Qe3+ 50. Kd1 Qxa7 51. Qxg6 Qd4+ 52. Kc2
Re2+ 53. Kb3 Re3+ 54. Kc2 Rc3+ 55. Kb1 Qb4+ 56. Ka1 Ra3# 0-1

[Event "AUTO-OPEN-1895"]
[Site "http://www.queenalice.com/game.php?id=738930"]
[Date "2010.2.28"]
[Round "1"]
[White "Motanel05"]
[Black "Dcar"]
[Result "1-0"]
[WhiteElo "1652"]
[BlackElo "1604"]

1. d4 d5 2. Bf4 Nf6 3. f3 g6 4. Be5 Bg7 5. Bxf6 Bxf6 6. c3 O-O 7. h4 e6 8. g3 c6
9. Nd2 Nd7 10. e3 Qc7 11. f4 e5 12. Bd3 e4 13. Be2 Nb6 14. h5 Nc4 15. Bxc4 b5
16. Bb3 c5 17. Bxd5 Bb7 18. Bxe4 Rae8 19. Qc2 cxd4 20. exd4 Re7 21. Kd1 Rfe8 22.
Ngf3 Bxe4 23. Nxe4 Qc6 24. hxg6 fxg6 25. Nfd2 Bg7 26. Qb3+ Kh8 27. d5 Qb6 28. g4
a6 29. a4 Qb8 30. d6 Rd7 31. Kc2 Rc8 32. Rh3 Qb7 33. Qe6 Rdd8 34. Rah1 h6 35.
Qxg6 Rd7 36. g5 Bxc3 37. Rxh6+ Rh7 38. Rxh7+ 1-0

[Event "AUTO-OPEN-1895"]
[Site "http://www.queenalice.com/game.php?id=738931"]
[Date "2010.2.28"]
[Round "1"]
[White "Dcar"]
[Black "Motanel05"]
[Result "1-0"]
[WhiteElo "1586"]
[BlackElo "1666"]

1. Nf3 h6 2. g3 d5 3. d4 c6 4. Bg2 g5 5. O-O Be6 6. e3 Bg4 7. Nbd2 h5 8. Qe1
Bxf3 9. Nxf3 f6 10. Bd2 Qd7 11. Bb4 h4 12. c3 h3 13. e4 hxg2 14. Kxg2 Qh3+ 15.
Kh1 g4 16. Nh4 Bh6 17. f4 Nd7 18. exd5 Rh7 19. dxc6 bxc6 20. Qe4 Rg7 21. Rae1 a5
22. Ba3 Bg5 23. fxg5 fxg5 24. Nf5 Rh7 25. Nh4 Rh6 26. Bxe7 Ndf6 27. Bxf6+ Kd7
28. Qe6+ Kc7 29. Qe5+ Kb6 30. Qc5+ Kb7 31. Bxg5 Rh7 32. Qf5 Rc7 33. c4 Ka6 34.
a3 Raa7 35. Qc5 Rab7 36. b4 axb4 37. axb4 Rb8 38. Ra1+ Kb7 39. Ra7+ Kc8 40. Qf8+
Kd7 41. Qf7+ Kd6 42. c5# 1-0

[Event "Challenge"]
[Site "http://www.queenalice.com/game.php?id=739045"]
[Date "2010.2.28"]
[Round "-"]
[White "Motanel05"]
[Black "babycrocket"]
[Result "0-1"]
[WhiteElo "1680"]
[BlackElo "1743"]

1. d4 d5 2. Bf4 Nf6 3. f3 e6 4. Bg5 Bd6 5. g3 O-O 6. a3 h6 7. Bxf6 Qxf6 8. f4 c5
9. c3 Nc6 10. e3 Qd8 11. Nf3 f6 12. h4 e5 13. dxe5 fxe5 14. Qxd5+ Kh8 15. Nbd2
exf4 16. gxf4 Qc7 17. Bd3 Bg4 18. Rg1 Bxf3 19. Nxf3 Rae8 20. Kd2 Ne7 21. Qe4 Nf5
22. Qa4 Rxe3 23. Bxf5 Rxf3 24. Bg6 Bxf4+ 25. Ke2 Re3+ 26. Kd1 Qb6 27. Rb1 Rd8+
28. Kc1 Re4+ 29. Kc2 Re2# 0-1

[Event "Challenge"]
[Site "http://www.queenalice.com/game.php?id=820137"]
[Date "2010.8.18"]
[Round "-"]
[White "Motanel05"]
[Black "carlossaavedra"]
[Result "0-1"]
[WhiteElo "1647"]
[BlackElo "1614"]

1. d4 Nf6 2. f3 d5 3. Bg5 e6 4. g3 Nc6 5. c3 Be7 6. Bxf6 Bxf6 7. e3 e5 8. Bb5
Bd7 9. Bxc6 Bxc6 10. h4 O-O 11. Ne2 Re8 12. Qd3 e4 13. Qd2 exf3 14. Nf4 Qe7 15.
Kf2 Qe4 16. Na3 Re7 17. Rae1 Rae8 18. Nc2 g6 19. g4 Rd7 20. g5 Be7 21. Qd1 Bd6
22. Rh3 Qf5 23. Rxf3 Re4 24. Ng2 Qg4 25. Kg1 Rde7 26. Qd2 Qxf3 27. b4 Qg3 28.
Na3 Rxh4 29. Qf2 Qxf2+ 30. Kxf2 Rg4 31. Kf3 Rxg5 32. Rh1 Re4 33. Nh4 Rg3+ 34.
Kf2 Rexe3 35. Nc2 Rxc3 36. Ne1 Rc4 37. Nhf3 Rxb4 38. Ne5 Bxe5 39. dxe5 Rgg4 0-1

[Event "Challenge"]
[Site "http://www.queenalice.com/game.php?id=821691"]
[Date "2010.8.22"]
[Round "-"]
[White "Motanel05"]
[Black "gitano"]
[Result "0-1"]
[WhiteElo "1630"]
[BlackElo "1624"]

1. d4 b6 2. h4 Bb7 3. Rh2 d5 4. Bf4 e6 5. g4 Ne7 6. e3 Ng6 7. Nf3 h6 8. h5 Ne7
9. Bd3 g5 10. Be5 Rg8 11. Bh7 Rg7 12. Bxg7 Bxg7 13. c3 f5 14. gxf5 exf5 15. Qd3
Bc8 16. Na3 c6 17. Nd2 Qd6 18. Rg2 Be6 19. f4 g4 20. Rc1 Nd7 21. c4 Nf6 22. c5
Qd7 23. Bg6+ Kd8 24. cxb6 axb6 25. Nb3 Nxg6 26. hxg6 Qe8 27. Na1 Bd7 28. b4 Qe7
29. N1c2 Nh5 30. Kf2 Qh4+ 31. Ke2 Ng3+ 32. Kd2 Ne4+ 33. Ke2 g3 34. Ne1 Qh5+ 35.
Kf1 Qxg6 36. b5 c5 37. dxc5 Nxc5 38. Qxd5 Rxa3 39. Nc2 Rc3 40. Rd1 Ke7 41. a4
Qg4 42. Nb4 Rxe3 43. Nc6+ Ke8 44. Nb8 Qxf4+ 45. Kg1 Bd4 46. Qg8+ Ke7 47. Nc6+
Bxc6 48. Rgd2 Re1# 0-1

[Event "Challenge"]
[Site "http://www.queenalice.com/game.php?id=828977"]
[Date "2010.9.6"]
[Round "-"]
[White "Motanel05"]
[Black "beejay"]
[Result "1-0"]
[WhiteElo "1614"]
[BlackElo "1714"]

1. d4 f6 2. e4 d5 3. Nc3 c6 4. a3 e6 5. h4 Bd6 6. f4 e5 7. f5 dxe4 8. g4 Ne7 9.
h5 Bxf5 10. gxf5 Nxf5 11. Qg4 exd4 12. Nxe4 Qe7 13. Bd3 Nh6 14. Bxh6 f5 15. Qxg7
Qxg7 16. Bxg7 Rg8 17. Nxd6+ Kd7 18. Nxf5 Re8+ 19. Kd2 Kc7 20. Bxd4 Nd7 21. Nf3
Rad8 22. Rag1 c5 23. Be3 c4 24. Rg7 cxd3 25. cxd3 Kb8 26. Bg5 Rf8 27. N3d4 Nc5
28. Bxd8 Rxd8 29. Rxh7 Rd5 30. Re1 a6 31. Nc6+ bxc6 32. Re8+ Rd8 33. Rxd8# 1-0

[Event "Challenge"]
[Site "http://www.queenalice.com/game.php?id=831602"]
[Date "2010.9.11"]
[Round "-"]
[White "beejay"]
[Black "Motanel05"]
[Result "0-1"]
[WhiteElo "1726"]
[BlackElo "1634"]

1. e4 e5 2. Nf3 d6 3. Bc4 h6 4. d4 Bg4 5. O-O Nd7 6. Be3 g5 7. h3 Bh5 8. dxe5 g4
9. Nd4 Nxe5 10. Be2 Nf6 11. h4 Nxe4 12. Nf5 Qf6 13. Nd4 Qxh4 14. Nf5 Qf6 15. Na3
Qxf5 16. Bd4 Rg8 17. Bd3 g3 18. f3 Nxd3 19. Qxd3 d5 20. Nb5 Bd6 21. fxe4 Qxe4
22. Rae1 Qxe1 23. Rxe1+ Kf8 24. Rf1 Re8 25. Qh7 Re6 26. Bf6 Bg6 27. Qxh6+ Ke8
28. Nxa7 Bc5+ 29. Kh1 Bxa7 30. Qf4 Kd7 31. Qa4+ c6 32. Qxa7 Kc7 33. Qa5+ Kd7 34.
c4 Bd3 35. Rf3 Bxc4 36. Rxg3 Rge8 37. Qb4 Kc7 38. Rg7 Rxf6 39. Rh7 Bf1 40. Qh4
Ree6 41. Qa4 Re2 42. Rh2 Rxb2 43. Qa5+ Kd7 44. Qc3 Rff2 45. Qh3+ Kc7 46. Qg3+
Kb6 47. Qe3+ c5 48. Rh6+ f6 49. Qe6+ Kb5 50. Qe8+ Kb4 51. Rh4+ d4 52. Qe1+ Rbd2
53. a3+ Ka5 54. Rf4 Bxg2+ 55. Kg1 Re2 56. Qc1 Rc2 57. Qa1 Bc6 58. a4 Rh2 59.
Qe1+ Ka6 60. Rxf6 Rcg2+ 61. Kf1 Rh1# 0-1

[Event "Challenge"]
[Site "http://www.queenalice.com/game.php?id=840365"]
[Date "2010.10.1"]
[Round "-"]
[White "Motanel05"]
[Black "Lui87"]
[Result "0-1"]
[WhiteElo "1654"]
[BlackElo "1799"]

1. d4 Nf6 2. f3 d5 3. h4 Nc6 4. a3 Qd6 5. e3 Qg3+ 6. Ke2 e5 7. Nh3 exd4 8. exd4
Bd6 9. Be3 O-O 10. Qd3 Qxh4 11. Nc3 Re8 12. Kd2 Bf5 13. Qb5 Rxe3 14. Kxe3 Qxd4+
15. Ke2 Re8+ 16. Ne4 Rxe4+ 17. fxe4 Bg4+ 18. Ke1 Bg3+ 0-1